Getting beyond better (Record no. 4756)

MARC details
000 -CABECERA
campo de control de longitud fija 02892cam a2200313 i 4500
001 - NÚMERO DE CONTROL
campo de control 991106721569906196
005 - FECHA Y HORA DE LA ÚLTIMA TRANSACCIÓN
campo de control 20250617084625.0
008 - DATOS DE LONGITUD FIJA--INFORMACIÓN GENERAL
campo de control de longitud fija 150504s2015 mau 000 0 eng
010 ## - NÚMERO DE CONTROL DE LA BIBLIOTECA DEL CONGRESO
Número de control de LC 2015016847
020 ## - NÚMERO INTERNACIONAL ESTÁNDAR DEL LIBRO
Número Internacional Estándar del Libro 9781633690684
035 ## - NÚMERO DE CONTROL DEL SISTEMA
Número de control de sistema (UTL)10195784-01utoronto_inst
035 ## - NÚMERO DE CONTROL DEL SISTEMA
Número de control de sistema (SIRSI)10195784
035 ## - NÚMERO DE CONTROL DEL SISTEMA
Número de control de sistema (OCoLC)907092539
040 ## - FUENTE DE LA CATALOGACIÓN
Centro catalogador/agencia de origen DLC
Lengua de catalogación eng
Normas de descripción rda
Centro/agencia transcriptor DLC
Centro/agencia modificador CaOTUIRN
041 ## - CÓDIGO DE LENGUA
Código de lengua del texto/banda sonora o título independiente English
042 ## - CÓDIGO DE AUTENTICACIÓN
Código de autenticación pcc
050 00 - SIGNATURA TOPOGRÁFICA DE LA BIBLIOTECA DEL CONGRESO
Número de clasificación HD60
Número de documento/Ítem .M367 2015
100 ## - ENTRADA PRINCIPAL--NOMBRE DE PERSONA
Nombre de persona Martin, Roger L.
9 (RLIN) 25485
245 10 - MENCIÓN DE TÍTULO
Título Getting beyond better
Resto del título : how social entrepreneurship works
Mención de responsabilidad, etc. / Roger L. Martin and Sally Osberg ; foreword by Arianna Huffington.
264 #1 - PRODUCCIÓN, PUBLICACIÓN, DISTRIBUCIÓN, FABRICACIÓN Y COPYRIGHT
Producción, publicación, distribución, fabricación y copyright Boston, Massachusetts :
Nombre del de productor, editor, distribuidor, fabricante Harvard Business Review Press,
Fecha de producción, publicación, distribución, fabricación o copyright [2015]
300 ## - DESCRIPCIÓN FÍSICA
Extensión xiii, 248 pages ;
Dimensiones 22 cm.
504 ## - NOTA DE BIBLIOGRAFÍA, ETC.
Nota de bibliografía, etc. Includes bibliographical references (p. [209]-226) and index.
505 0# - NOTA DE CONTENIDO CON FORMATO
Nota de contenido con formato Introduction: What is Social Entrepreneurship? —<br/>Part I: Transformation for Good —<br/>Shifting an Equilibrium —<br/>The Nature of Social Entrepreneurship —<br/>Part II: Paths to Transformation —<br/>Understanding the World —<br/>Envisioning a New Future —<br/>Building a Model for Change —<br/>Scaling the Solution —<br/>A Path Forward.
520 ## - SUMARIO, ETC.
Sumario, etc. "Who drives transformation in society? How do they do it? In this compelling book, strategy guru Roger L. Martin and Skoll Foundation President and CEO Sally R. Osberg describe how social entrepreneurs target systems that exist in a stable but unjust equilibrium and transform them into entirely new, superior, and sustainable equilibria. All of these leaders--call them disrupters, visionaries, or changemakers--develop, build, and scale their solutions in ways that bring about the truly revolutionary change that makes the world a fairer and better place. The book begins with a probing and useful theory of social entrepreneurship, moving through history to illuminate what it is, how it works, and the nature of its role in modern society. The authors then set out a framework for understanding how successful social entrepreneurs actually go about producing transformative change. There are four key stages: understanding the world; envisioning a new future; building a model for change; and scaling the solution. With both depth and nuance, Martin and Osberg offer rich examples and personal stories and share lessons and tools invaluable to anyone who aspires to drive positive change, whatever the context. "Getting Beyond Better" sets forth a bold new framework, demonstrating how and why meaningful change actually happens in the world and providing concrete lessons and a practical model for businesses, policymakers, civil society organizations, and individuals who seek to transform our world for good."--Publisher's website.
650 #0 - PUNTO DE ACCESO ADICIONAL DE MATERIA--TÉRMINO DE MATERIA
Término de materia o nombre geográfico como elemento de entrada Social entrepreneurship.
9 (RLIN) 24887
650 #0 - PUNTO DE ACCESO ADICIONAL DE MATERIA--TÉRMINO DE MATERIA
Término de materia o nombre geográfico como elemento de entrada Social change
9 (RLIN) 9235
700 ## - ENTRADA AGREGADA--NOMBRE PERSONAL
Nombre de persona Osberg, Sally R.
9 (RLIN) 25486
942 ## - ELEMENTOS DE ENTRADA AGREGADA (KOHA)
Fuente del sistema de clasificación o colocación Clasificación de Library of Congress
Holdings
Estado de retiro Estado de pérdida Fuente del sistema de clasificación o colocación Estado dañado No para préstamo Biblioteca de origen Biblioteca actual Fecha de adquisición Total de préstamos Signatura topográfica completa Código de barras Fecha visto por última vez Número de copia Precio válido a partir de Tipo de ítem Koha
    Clasificación de Library of Congress     TBS Barcelona TBS Barcelona 17/06/2025   HD60 MAR B07562 17/06/2025 1 17/06/2025 Book

Powered by Koha